Pasaportes más poderosos - Estadísticas

Estadísticas generales
  • Esta prueba ha sido intentada 32 veces
  • La puntuación promedio es 15 de 20
Estadísticas de respuestas
# Respuesta % Correcto
2. España
100%
4. Francia
97%
7. Italia
97%
5. Alemania
90%
17. Suecia
90%
13. Noruega
87%
12. Portugal
87%
14. Suiza
87%
3. Finlandia
81%
6. Bélgica
77%
15. Grecia
77%
9. Países Bajos
77%
11. Austria
74%
16. Irlanda
71%
18. Polonia
68%
8. Dinamarca
65%
10. Luxemburgo
61%
20. Corea del Sur
58%
19. Hungría
55%
1. Emiratos Árabes Unidos
39%
No se encontraron pruebas coincidentes
Distribución de puntuación
Porcentaje de gente con cada puntuación
Porcentaje por número respondido
Historial de tus puntuaciones
No has intentado esta prueba.